Country Categories 2 - Statistics

General Stats
  • This quiz has been taken 45 times
  • The average score is 32 of 45
Answer Stats
Question Tile Select % Correct
The countries that drive on the left No
93%
The countries that drive on the left No
86%
The countries that drive on the left Yes
86%
The countries where Arabic is an official language No
86%
The countries that are members of the EU No
86%
The countries that drive on the left No
82%
The countries that drive on the left Yes
82%
The countries that use Dollars as currency No
82%
The countries that use Dollars as currency No
82%
The countries where Arabic is an official language No
82%
The countries that are members of the EU Yes
82%
The countries that are members of the EU Yes
82%
The countries that are members of the EU No
82%
The countries that use Dollars as currency Yes
79%
The countries where Arabic is an official language No
79%
The countries where Arabic is an official language Yes
79%
The countries where Arabic is an official language Yes
79%
The countries that are members of the EU Yes
79%
The countries that are members of the EU Yes
79%
The countries that drive on the left No
75%
The countries that drive on the left No
75%
The countries where Arabic is an official language Yes
75%
The countries that are members of the EU No
75%
The countries that use Dollars as currency No
71%
The countries where Arabic is an official language No
71%
The countries where Arabic is an official language Yes
71%
The countries that are members of the EU No
71%
The countries that are members of the EU No
71%
The countries that won a medal (all types) a the Tokyo 2020 Olympics No
68%
The countries that use Dollars as currency Yes
64%
The countries that won a medal (all types) a the Tokyo 2020 Olympics Yes
64%
The countries that drive on the left Yes
61%
The countries that use Dollars as currency Yes
61%
The countries that use Dollars as currency No
61%
The countries where Arabic is an official language No
61%
The countries that won a medal (all types) a the Tokyo 2020 Olympics Yes
61%
The countries that drive on the left Yes
57%
The countries that use Dollars as currency No
57%
The countries that use Dollars as currency Yes
57%
The countries that won a medal (all types) a the Tokyo 2020 Olympics No
57%
The countries that won a medal (all types) a the Tokyo 2020 Olympics Yes
54%
The countries that won a medal (all types) a the Tokyo 2020 Olympics No
50%
The countries that won a medal (all types) a the Tokyo 2020 Olympics No
46%
The countries that won a medal (all types) a the Tokyo 2020 Olympics No
43%
The countries that won a medal (all types) a the Tokyo 2020 Olympics Yes
32%
No matching quizzes found
Score Distribution
Percent of People with Each Score
Percentile by Number Answered
Your Score History
You have not taken this quiz